Η εποχή του Μπαρόκ
Αποθηκεύτηκε σε:
| Κύριοι συγγραφείς: | , , , |
|---|---|
| Άλλοι συγγραφείς: | , , , , , |
| Μορφή: | Βιβλίο |
| Γλώσσα: | Greek English |
| Δημοσίευση: |
Αθήνα :
Χρυσός Tύπος,
[1975;].
Αθήνα : Χρυσός Τύπος, [1976]. Αθήνα : [1967;] Αθήνα : [1976;] |
| Θέματα: | |
| Ετικέτες: |
Προσθήκη ετικέτας
Δεν υπάρχουν, Καταχωρήστε ετικέτα πρώτοι!
|
MARC
| LEADER | 00000cam a2200000 i 4500 | ||
|---|---|---|---|
| 001 | 1/102886 | ||
| 008 | 950510s1975 gr | ||| |||| ||gre|| | ||
| 008 | 950510s1976 gr | ||| |||| ||gre|| | ||
| 008 | 950510s1967 gr | ||| |||| ||gre|| | ||
| 008 | 950510s1967 gr | ||| |||| ||gre|| | ||
| 035 | |l 10012678 | ||
| 035 | |l 10012680 | ||
| 035 | |l 10012658 | ||
| 035 | |l 10012660 | ||
| 040 | |a GR-MY-UA |b gre |e aacr | ||
| 040 | |a GR-MY-UA |b gre |e aacr | ||
| 040 | |a GR-MY-UA |b gre |e aacr | ||
| 040 | |a GR-MY-UA |b gre |e aacr | ||
| 041 | 1 | |a gre |h eng | |
| 041 | 0 | |a gre | |
| 041 | 0 | |a gre | |
| 041 | 0 | |a gre | |
| 082 | 7 | |a 704.03 |2 (22) | |
| 082 | 0 | |a 704.03 | |
| 082 | 0 | |a 704.03 | |
| 082 | 0 | |a 704.03 | |
| 100 | 1 | |a Kitson, Michael. | |
| 100 | 1 | |a Lynton, Norbert. | |
| 100 | 1 | |a Lommel, Andreas. | |
| 100 | 1 | |a Gabrini, Giovanni. | |
| 245 | 1 | 2 | |a Η εποχή του Μπαρόκ / |c Michael Kitson ; μετάφραση: Γιώργου Λεωτσάκου; επιμέλεια ελληνικής έκδοσης: Γεώργιου Χατζόπουλου. |
| 245 | 1 | 2 | |a Ο σύγχρονος κόσμος / |c Norbert Lynton ; μετάφραση Μαρίας Καραβία; επιμέλεια ελληνικής έκδοσης Γεώργιου Χατζόπουλου. |
| 245 | 1 | 0 | |a Προϊστορικός και πρωτόγονος άνθρωπος / |c Andreas Lommel ; μετάφραση Έρης Κανδρή; επιμέλεια ελληνικής έκδοσης Κώστα Κροντηρά. |
| 245 | 1 | 2 | |a Ο αρχαίος κόσμος / |c Giovanni Garbini ; μετάφραση Αλίκης Μπικάκη ; επιμέλεια ελληνικής έκδοσης Γεωργίου Χατζόπουλου. |
| 260 | |a Αθήνα : |b Χρυσός Tύπος, |c [1975;]. | ||
| 260 | |a Αθήνα : |b Χρυσός Τύπος, |c [1976]. | ||
| 260 | |a Αθήνα : |b Χρυσός Tύπος, |c [1967;] | ||
| 260 | |a Αθήνα : |b Χρυσός Τύπος, |c [1976;] | ||
| 300 | |a 170 σ. : |b εικ. ; |c 29 εκ. | ||
| 300 | |a 176 σ. : |b εικ. | ||
| 300 | |a 171 σ. : |b εικ. | ||
| 300 | |a 172 σ. : |b εικ. | ||
| 500 | |a Μετάφραση του: The age of Baroque | ||
| 504 | |a Περιλαμβάνει βιβλιογραφικές παραπομπές και ευρετήριο. | ||
| 504 | |a Βιβλιογραφία: σ. (170)-171. Ευρετήριο και γλωσσάρι. | ||
| 504 | |a Περιέχει ευρετήριο και βιβλιογραφία. | ||
| 504 | |a Περιέχει γλωσσάριο, ευρετήριο και βιβλιογραφία. | ||
| 650 | 0 | 0 | |a Art |x History. |
| 650 | 0 | 0 | |a Art, Baroque. |
| 650 | 0 | 0 | |a Art, Modern |y 20th century. |
| 650 | 0 | 0 | |a Art, Modern |y 19th century. |
| 650 | 0 | 0 | |a Art, Primitive. |
| 650 | 0 | 0 | |a Art, Prehistoric. |
| 650 | 0 | 0 | |a Art, Ancient. |
| 650 | 0 | 0 | |a Art, East Asian. |
| 650 | 0 | 0 | |a Art, Egyptian. |
| 700 | 1 | |a Χατζόπουλος, Γεώργιος Κ. |e edt | |
| 700 | 1 | |a Λεωτσάκος, Γιώργος Σ., |d 1935- |e trl | |
| 700 | 1 | |a Καραβία, Μαρία, |e trlf | |
| 700 | 1 | |a Κανδρή, Ερη, |e trlf | |
| 700 | 1 | |a Κροντηράς, Κώστας, |d 1903-1983, |e edt | |
| 700 | 1 | |a Μπικάκη, Αλίκη, |e trlf | |
| 774 | 1 | |t Παγκόσμιος ιστορία τέχνης | |
| 774 | 1 | |t Παγκόσμιος ιστορία τέχνης | |
| 774 | 1 | |t Παγκόσμιος ιστορία τέχνης | |
| 774 | 1 | |t Παγκόσμιος ιστορία τέχνης | |
| 901 | |a BIBL4-2005-3 | ||
| 901 | |a BIBL4-2005-3 | ||
| 901 | |a BIBL4-2005-3 | ||
| 901 | |a BIBL4-2005-3 | ||
| 909 | |a Λ |b 021656 | ||
| 909 | |a Ρ |b 122594 | ||
| 909 | |a Λ |b 021657 | ||
| 909 | |a Ρ |b 122595 | ||
| 909 | |a Λ |b 021653 | ||
| 909 | |a Ρ |b 122588 | ||
| 909 | |a Λ |b 021648 | ||
| 909 | |a Ρ |b 122589 | ||
| 970 | |a ΚΟΖΑ |b ΜΑΡΙΑ |z 2005/11/09 | ||
| 970 | |a ΚΟΖΑ |b ΜΑΡΙΑ |z 2005/11/09 | ||
| 970 | |a ΚΟΖΑ |b ΜΑΡΙΑ |z 2005/11/09 | ||
| 970 | |a ΚΟΖΑ |b ΜΑΡΙΑ |z 2005/11/09 | ||